000 01138nam a2200313 a 4500
001 000115953
003 CHAP
005 20220329144555.0
008 190821s2019 mx a |sm |||||||spa d
010 _a112414
011 _a113386
040 _cCHAP
090 _aTesis
100 1 _aMendoza Campos, Julián.
_974617
245 1 0 _aAgroecología urbana :
_h[En línea]
_baportes y experiencias en el área metropolitana de Guadalajara. /
_cpor Julián Mendoza Campos.
260 _aMorelia, Michoacán,Méx. :
_bEl autor,
_c2019.
500 _aPara ver el contenido del material haga clic en la liga
502 _aTesis (M.C. en Desarrollo Rural Regional) -- UACH. Dirección General de Control Regional
590 _aE11695DGD
_b10
_c20190821
_lUCH01
_h1539
590 _aE6339RRR
_b05
_c20190821
_lUCH01
_h1247
590 _aE6339RRR
_b05
_c20190821
_lUCH01
_h1247
650 1 4 _aAgricultura urbana.
_92030
650 1 4 _aDesarrollo agrícola.
_9125465
650 1 4 _aProducción alimentaria.
_9136019
856 _aFinding aid
_uhttp://10.13.5.2/tesis/sist115953.pdf
_zTeclea aquí
901 _aBK
942 _cTESIS
942 _n0
999 _c112414
_d112414